Combined Country Names - Americas - Statistics

General Stats
  • This quiz has been taken 29 times
  • The average score is 31 of 36
Answer Stats
Combined Separated % Correct
Bolaica Bolivia
96%
Guazil Brazil
96%
Chilico Chile
96%
Argerica Argentina
92%
Ecuinica Ecuador
92%
Grenama Grenada
92%
Guazil Guatemala
92%
Nicadines Nicaragua
92%
Peba Peru
92%
Antiados Antigua and Barbuda
88%
Canamas Canada
88%
Costiname Costa Rica
88%
Suriador El Salvador
88%
Guyevis Guyana
88%
Grenama Panama
88%
Antiados Barbados
84%
Beluras Belize
84%
Hambia Columbia
84%
Peba Cuba
84%
Venublic Dominican Republic
84%
Hambia Haiti
84%
Paruguay Paraguay
84%
Saint Lobago St. Lucia
84%
Costiname Suriname
84%
Surivador Suriname
84%
Saint Lobago Trinidad and Tobago
84%
Paruguay Uruguay
84%
Venublic Venezuela
84%
Canamas Bahamas
80%
Beluras Honduras
80%
Bolaica Jamaica
76%
Chilico Mexico
76%
Argerica United States of America
76%
Ecuinica Dominica
72%
Guyevis St. Kitts and Nevis
72%
Nicadines St. Vincent and the Grenadines
72%
No matching quizzes found
Score Distribution
Percent of People with Each Score
Percentile by Number Answered
Your Score History
You have not taken this quiz